000
00338 a2200157 4500
001
194958
020
_a
978-85-913205-1-6
040
_c
Magnum
100
_a
ALVES, Marcelo
240
1
0
_a
Machado de Assis
_l
por
245
1
0
_a
Machado de Assis
300
_a
96
362
0
_a
2017.
697
_a
LITERATURA INFANTO-JUVENIL
942
_c
BK
999
_c
194958
_d
194958